Pénzügyi tudatosság, 18-25 éves korosztályú felnőttek körében
| Szerző: | |
|---|---|
| További közreműködők: | |
| Dokumentumtípus: | TDK dolgozat |
| Kulcsszavak: | 21. század alapfogalmak digitális gazdaság gazdasági kultúra közpénzügyek |
| Online Access: | http://dolgozattar.uni-bge.hu/60428 |
MARC
| LEADER | 00000nta a2200000 i 4500 | ||
|---|---|---|---|
| 001 | dolg60428 | ||
| 005 | 20260416073658.0 | ||
| 008 | 260416suuuu hu o 000 hun d | ||
| 040 | |a BGE Dolgozattár Repozitórium |b hun | ||
| 041 | |a hu | ||
| 100 | 1 | |a Sebestyén Réka Zsuzsanna | |
| 245 | 1 | 0 | |a Pénzügyi tudatosság, 18-25 éves korosztályú felnőttek körében |c Sebestyén Réka Zsuzsanna |h [elektronikus dokumentum] |
| 516 | |a Students_Scientific_Association_paper | ||
| 520 | 3 | |a A pénzügyi tudatosság elengedhetetlen a modern társadalomba, hiszen gazdasági környezet folyamatosan változik. Ahhoz, hogy stabil és kiegyensúlyozott életet élhessünk elengedhetetlen a megfelelő pénzügyi tudatosság. A mai világban a pénzügyekkel való megfelelő bánásmód nem csupán egyéni, hanem társadalmi szinten is fontos tényező, hiszen a tudatos lakosság hozzájárul a gazdaság stabilitásához és fejlesztéséhez.A dolgozatom célja, hogy átfogó képet adjon a fiatal felnőttek pénzügyi tudatosságáról, valamint feltárja azokat a tényezőket amelyek pénzügyi döntéseiket befolyásolni tudja. | |
| 695 | |a 21. század | ||
| 695 | |a alapfogalmak | ||
| 695 | |a digitális gazdaság | ||
| 695 | |a gazdasági kultúra | ||
| 695 | |a közpénzügyek | ||
| 700 | 1 | |a Jáki Dr.habil Erika |e ths | |
| 856 | 4 | 0 | |u http://dolgozattar.uni-bge.hu/60428/1/TDK.dolgozat.02.pdf |z Dokumentum-elérés |
| 856 | 4 | 0 | |u http://dolgozattar.uni-bge.hu/60428/2/TDK.dolgozat.02.pdf |z Dokumentum-elérés |
| 856 | 4 | 0 | |u http://dolgozattar.uni-bge.hu/60428/3/05_Dolgozat_biralati_lap_2025_SebestyenRZs.pdf |z Dokumentum-elérés |
| 856 | 4 | 0 | |u http://dolgozattar.uni-bge.hu/60428/4/Sebesty%C3%A9n%20R%C3%A9ka%20biralat.pdf |z Dokumentum-elérés |